000 005110000a22001810004500
003 MACL
005 20160306161300.0
008 160306b xxu||||| |||| 00| 0 eng d
040 _aMACL
_cMACL
041 _aHindi
082 _a891.433
100 _aसुमेरसिंह दईया
_943698
245 _aआंधी के अवशेष
260 _bसूर्य प्रकाशन
_c1971
_aदिल्‍ली
350 _a6
650 _aNovel
_943699
942 _cHIN
_k891.433
_2ddc
999 _c26120
_d26120